00725nam a2200229Ia 4500003000900000008004100009040001300050040001300063041000800076100001700084245007600101250001200177260001200189260000900201300001100210300001000221490003400231490000600265942000700271999001700278952020000295IT-RoPAU120407s9999 xx 000 0 und d aIT-RoPAU cIT-RoPAU aita aP. B. Grenet aOntologia. In appendice: E. Maccagnolo note sull’ontologia in Italia. aBrescia aPaideia c1967 a405 p. c21 cm aCorso di filosofia tomista, 5 v1 cBK c34164d34164 00102ddc406LM__20_00000000000000071aPAULUSbPAULUSd2012-04-11l0oLM.20r2012-04-11 00:00:00w2012-04-11yBKzInserito da: Anna In data: 12 settembre 2011 fondo: Via A.Severo 56 Progr:27790